000 00885nam a2200205Ia 4500
999 _c38360
_d38360
001 4370
003 GE_BSU
005 20191007165830.0
008 181216s1969||||ge |||||||||||||| ||geo||
040 _cGE_BSU
041 _ageo
080 _a39(479.22) ს–67
100 _aსონღულაშვილი, ჯ.
_94600
245 _aაღმოსავლეთ საქართველოს მატერიალური კულტურის ისტორიისათვის :
_bდიღმის ხეობა. წ. 1. /
_cრედ. გ. ჩიტაია.
264 _aთბ. :
_bმეცნიერება,
_c1969.
300 _a227 გვ. :
_b ილ.;
_c22 სმ.
653 _aქართული წეს-ჩვეულებები
700 _a ჩიტაია, გ.
_eრედაქტორი
_94601
942 _cBK
_2udc